00791nam a2200229 i 450000100060000000300080000600500170001400800410003103500190007204000260009104100080011708200200012510000290014524500690017426001320024330000340037550400510040965000260046065000210048665000260050765000280053333904BD-RjUL20211209052058.0140512s1945 maua b 00100 eng d a(BD-RjUL)33996 aBD-RjULbengcBD-RjUL aeng a306.3bMAS 19521 aMayo, Elton,d1880-1949.14aThe social problems of an industrial civilization /cElton Mayo. aBoston, Mass. :bDivision of Research, Graduate School of Business Administration, Harvard University,c1945 [Impression 1952]. axvii, 150p. :bill. ;c21 cm. aIncludes bibliographical references and index. 0aIndustrial sociology. 0aSocial problems. 0aIndustrial relations. 0aTeams in the workplace.